00353nam a22001097a 4500040000900000082001200009100001800021110003300039245009600072260004400168650003100212 cNUST a200 THE aZubair Ahmed  aSupervisor Dr. Ahsan Shahzad aTH-SOF-1999-Depth Map Enhancement through Weighted Guided Image Filters in Shape-From-Focus aISLAMABAD:bNUST COLLEGE OF EME,c2022. aMS-COMPUTER ENGINEERING-19